How intranets work / (Record no. 9664)
[ view plain ]
| 000 -LEADER | |
|---|---|
| fixed length control field | 00814nac a22002411u 4500 |
| 010 ## - LIBRARY OF CONGRESS CONTROL NUMBER | |
| LC control number | 97166774 |
| 020 ## - INTERNATIONAL STANDARD BOOK NUMBER | |
| International Standard Book Number | 1562764411 (pbk.) : |
| 035 ## - SYSTEM CONTROL NUMBER | |
| System control number | (OCoLC)36060627 |
| 035 ## - SYSTEM CONTROL NUMBER | |
| System control number | 3693-99760 |
| 082 00 - DEWEY DECIMAL CLASSIFICATION NUMBER | |
| Classification number | 005.71376 |
| Item number | GRA |
| 090 ## - LOCALLY ASSIGNED LC-TYPE CALL NUMBER (OCLC); LOCAL CALL NUMBER (OCLC) | |
| -- | 9664 |
| -- | 9664 |
| 100 ## - MAIN ENTRY--PERSONAL NAME | |
| Personal name | Gralla, Preston. |
| 245 10 - TITLE STATEMENT | |
| Title | How intranets work / |
| Statement of responsibility, etc | Preston Gralla ; illustrated by Mina Reimer. |
| 260 ## - PUBLICATION, DISTRIBUTION, ETC. (IMPRINT) | |
| Place of publication, distribution, etc | Emeryville, Calif. : |
| Name of publisher, distributor, etc | Ziff-Davis Press,1996 |
| Date of publication, distribution, etc | c1996. |
| 300 ## - PHYSICAL DESCRIPTION | |
| Extent | xiii, 206 p. : |
| Other physical details | col. ill. ; |
| Dimensions | 26 cm. |
| 490 1# - Series Statement | |
| Series statement | How it works series |
| 500 ## - GENERAL NOTE | |
| General note | Includes index. |
| 500 ## - GENERAL NOTE | |
| General note | distributer: Al-Ahram |
| 511 ## - PARTICIPANT OR PERFORMER NOTE | |
| Participant or performer note | catalogued by: wessam |
| 650 #0 - SUBJECT ADDED ENTRY--TOPICAL TERM | |
| Topical term or geographic name as entry element | Intranets (Computer networks) |
| General subdivision | Pictorial works. |
| 830 #0 - SERIES ADDED ENTRY--UNIFORM TITLE | |
| Uniform title | How it works series (Emeryville, Calif.) |
| 942 ## - ADDED ENTRY ELEMENTS (KOHA) | |
| Item type | Book - Borrowing |
| Call number prefix | 005.71376GRA |
| Withdrawn status | Item status | Damaged status | Not for loan | Home library | Current library | Shelving location | Date acquired | Source of acquisition | Total Checkouts | Full call number | Barcode | Date last seen | Koha item type |
|---|---|---|---|---|---|---|---|---|---|---|---|---|---|
| Central Library | Central Library | Lower Floor | 27/05/2008 | Purchase | 005.71376GRA | 000011636 | 15/07/2025 | Book - Borrowing |